| 000 | 00633nam a2200205 a 4500 | ||
|---|---|---|---|
| 005 | 20220623063533.0 | ||
| 008 | 991125s1985 mx 000 0 spa u | ||
| 020 | _a9682200121 | ||
| 035 | _aUPN01000146768 | ||
| 049 | _aCG | ||
| 050 | 4 |
_aPQ4835 I7 _bD5.3 |
|
| 100 | 1 |
_aPirandello, Luigi, _d1867-1936 _935570 |
|
| 245 | 1 | 3 |
_aEl difunto Matías Pascal / _cLuigi Pirandello ; tr. R. Cansinos Assens. |
| 260 |
_aMéxico : _bOrigen : _bSeix Barral, _c1985. |
||
| 300 | _a276 p. | ||
| 440 | 4 |
_aObras maestras del siglo XX ; _v51 |
|
| 534 |
_pTítulo original: _tIl fu Matia Pascal |
||
| 650 | 0 |
_aNovela italiana _95076 |
|
| 905 | _aLibro | ||
| 999 |
_c118914 _d118914 |
||